000
00327nam a22001457a 4500
008
210511b ||||| |||| 00| 0 eng d
020
_a
9780323001793
041
_a
eng
080
_2
2nd
_a
53
082
_a
53
100
_a
43
101
_a
FIZ
245
_a
Physical Examination Handbook
_c
Henry M. Seidel
942
_2
udc
_c
BK
999
_c
57238
_d
57238